REFINEMENT AND PERFREMANCE EVALUATION OF EXISTING JACKFRUIT PEELER, CORER CUM CUTTING MACHINE (Record no. 344741)
[ view plain ]
| 000 -LEADER | |
|---|---|
| fixed length control field | 00521nam a22001457a 4500 |
| 003 - CONTROL NUMBER IDENTIFIER | |
| control field | OSt |
| 082 ## - DEWEY DECIMAL CLASSIFICATION NUMBER | |
| Classification number | 666 |
| 088 ## - REPORT NUMBER | |
| Report number | P555 |
| 100 ## - MAIN ENTRY--PERSONAL NAME | |
| Personal name | HISANA THASNIM, M HIMA, M. M |
| -- | ADEEBA MUHSINA, LULU |
| -- | BINCY, T. P |
| -- | DEEPTHI, K. V |
| 9 (RLIN) | 5326 |
| 245 ## - TITLE STATEMENT | |
| Title | REFINEMENT AND PERFREMANCE EVALUATION OF EXISTING JACKFRUIT PEELER, CORER CUM CUTTING MACHINE |
| 260 ## - PUBLICATION, DISTRIBUTION, ETC. (IMPRINT) | |
| Place of publication, distribution, etc. | Thavanur |
| -- | Kelappaji College of Agricultural Engineering and Technology |
| Date of publication, distribution, etc. | 2022 |
| 700 ## - ADDED ENTRY--PERSONAL NAME | |
| Personal name | RAJESH, G. K (Guide) |
| 700 ## - ADDED ENTRY--PERSONAL NAME | |
| Personal name | ANJALY, M. G (Guide) |
| 9 (RLIN) | 5327 |
| 942 ## - ADDED ENTRY ELEMENTS (KOHA) | |
| Koha item type | Project Report |
| Withdrawn status | Lost status | Damaged status | Not for loan | Collection code | Home library | Current library | Shelving location | Date acquired | Total Checkouts | Full call number | Barcode | Date last seen | Price effective from | Koha item type |
|---|---|---|---|---|---|---|---|---|---|---|---|---|---|---|
| Reference Book | Kelappaji College of Agricultural Engineering & Technology Library, Tavanur | Kelappaji College of Agricultural Engineering & Technology Library, Tavanur | 01/12/2022 | 666 | KAU_KCAEFT-P555 | 01/12/2022 | 01/12/2022 | Project Report |
